100 years of banking in Asia and Africa. (Record no. 12767)
[ view plain ]
| 000 -LEADER | |
|---|---|
| fixed length control field | 00578cam a22001932 4500 |
| 001 - CONTROL NUMBER | |
| control field | 0000002965 |
| 005 - DATE AND TIME OF LATEST TRANSACTION | |
| control field | 20151217155818.0 |
| 008 - FIXED-LENGTH DATA ELEMENTS--GENERAL INFORMATION | |
| fixed length control field | 070424s xx 000 0 eng d |
| 040 ## - CATALOGING SOURCE | |
| Original cataloging agency | KABU |
| Transcribing agency | KABU |
| 050 #0 - LIBRARY OF CONGRESS CALL NUMBER | |
| Classification number | HG3268 |
| Item number | .N3T97 |
| 100 1# - MAIN ENTRY--PERSONAL NAME | |
| Personal name | Tyson, Geoffrey. |
| -- | 0000152517 |
| 245 10 - TITLE STATEMENT | |
| Title | 100 years of banking in Asia and Africa. |
| 260 ## - PUBLICATION, DISTRIBUTION, ETC. (IMPRINT) | |
| Place of publication, distribution, etc. | London : |
| Name of publisher, distributor, etc. | National & Grindlays Bank, |
| Date of publication, distribution, etc. | 1963. |
| 300 ## - PHYSICAL DESCRIPTION | |
| Extent | xii, 246 p. |
| 710 2# - ADDED ENTRY--CORPORATE NAME | |
| Corporate name or jurisdiction name as entry element | National and Grindlays Bank Limited. |
| -- | 0000152518 |
| 908 ## - PUT COMMAND PARAMETER (RLIN) | |
| Put command parameter | 070424 |
| 950 ## - LOCAL HOLDINGS (RLIN) | |
| -- | 1 |
| Withdrawn status | Lost status | Source of classification or shelving scheme | Not for loan | Home library | Current library | Date acquired | Total Checkouts | Full call number | Barcode | Date last seen | Price effective from | Koha item type |
|---|---|---|---|---|---|---|---|---|---|---|---|---|
| Library of Congress Classification | Kabarak, Main Campus | Kabarak, Main Campus | 17/12/2015 | HG3268 .N3T97 | 002825 | 17/12/2015 | 17/12/2015 | Africana Collection |